|
|
|
|
| LEADER |
00918nab a2200229 i 4500 |
| 001 |
misc65548 |
| 005 |
20231018120849.0 |
| 008 |
230725s1964 hu o 0|| eng d |
| 040 |
|
|
|a SZTE Miscellanea Repozitórium
|b hun
|
| 041 |
|
|
|a eng
|
| 100 |
1 |
|
|a Schütz Ödön
|
| 245 |
1 |
0 |
|a Tangsux in Armenia
|h [elektronikus dokumentum] /
|c Schütz Ödön
|
| 260 |
|
|
|c 1964
|
| 300 |
|
|
|a 105-112
|c 24 cm
|
| 300 |
|
|
|a [8] p.
|c 24 cm
|
| 490 |
0 |
|
|a Acta Orientalia Academiae Scientiarum Hungaricae;Acta Orientalia Academiae Scientiarum Hungaricae : a Magyar Tudományos Akadémia orientalisztikai közleményei
|
| 561 |
|
|
|a Németh Gyula hagyaték
|
| 591 |
|
|
|a NOK 5379; NOK 5380; NOK 5381; LOA 3432
|
| 650 |
|
4 |
|a Bölcsészettudományok
|
| 650 |
|
4 |
|a Nyelvek és irodalom
|
| 695 |
|
|
|a Török nyelv - etimológia, Örmény nyelv - etimológia
|
| 856 |
4 |
0 |
|u http://misc.bibl.u-szeged.hu/65548/1/5379_nok.pdf
|z Dokumentum-elérés
|